| 000 | 00796nam a2200229Ii 4500 | ||
|---|---|---|---|
| 003 | JO-AjNU | ||
| 008 | 230605s9999||||xx |||||||||||||| ||und|| | ||
| 017 | _a2007/8/2254 | ||
| 020 | _a9957-16-282-9 | ||
| 040 |
_aJO-AjNU _bara _erda _cJO-AjNU |
||
| 041 | _aara | ||
| 050 | 1 | 4 | _aK953.A9282.2009 |
| 100 | 3 |
_a العزاوي ، سالم محمد رديعان , _eauthor _912532 |
|
| 245 | 0 | 0 | _aمسؤولية المنتج في القوانين المدنية والاتفاقيات الدولية |
| 250 | _aط1 | ||
| 264 | 3 | 1 | _aعمان : دار الثقافة ، 2009 |
| 300 | _a400ص | ||
| 336 |
_atext _btxt _2rdacontent |
||
| 337 |
_aunmediated _bn _2rdamedia |
||
| 338 |
_avolume _bnc _2rdacarrier |
||
| 650 | 4 |
_aالقانون المدني -- الاتفاقيات الدولية _912533 |
|
| 999 |
_aA2883 _c6451 _d6451 |
||